<?xml version="1.0" encoding="UTF-8"?>
<record
    xmlns:xsi="http://www.w3.org/2001/XMLSchema-instance"
    xsi:schemaLocation="http://www.loc.gov/MARC21/slim http://www.loc.gov/standards/marcxml/schema/MARC21slim.xsd"
    xmlns="http://www.loc.gov/MARC21/slim">

  <leader>01057cam a2200265 a 4500</leader>
  <controlfield tag="001">000001034</controlfield>
  <controlfield tag="005">20200929145453.0</controlfield>
  <controlfield tag="008">961018s1995    it ach   c    000 0 ita d</controlfield>
  <datafield tag="020" ind1=" " ind2=" ">
    <subfield code="a">8880790633</subfield>
  </datafield>
  <datafield tag="040" ind1=" " ind2=" ">
    <subfield code="a">DO-SdBNP</subfield>
    <subfield code="c">NNFr</subfield>
    <subfield code="d">DLC</subfield>
  </datafield>
  <datafield tag="043" ind1=" " ind2=" ">
    <subfield code="a">e-it---</subfield>
  </datafield>
  <datafield tag="082" ind1=" " ind2=" ">
    <subfield code="a">851.4</subfield>
    <subfield code="b">D111r</subfield>
  </datafield>
  <datafield tag="100" ind1="1" ind2=" ">
    <subfield code="a">Da Pozzo, Giovanni</subfield>
    <subfield code="9">3578</subfield>
  </datafield>
  <datafield tag="245" ind1="1" ind2="3">
    <subfield code="a">La ragione e l'arte :</subfield>
    <subfield code="b">Torquato Tasso e la Repubblica Veneta /</subfield>
    <subfield code="c">Giovanni Da Pozzo.</subfield>
  </datafield>
  <datafield tag="260" ind1=" " ind2=" ">
    <subfield code="a">Venecia :</subfield>
    <subfield code="b">Il Cardo,</subfield>
    <subfield code="c">1995.</subfield>
  </datafield>
  <datafield tag="300" ind1=" " ind2=" ">
    <subfield code="a">255 p. :</subfield>
    <subfield code="b">il. retrs., fasc&#xED;ms. ;</subfield>
    <subfield code="c">29 cm.</subfield>
  </datafield>
  <datafield tag="500" ind1=" " ind2=" ">
    <subfield code="a">"Cat&#xE1;logo de la exposici&#xF3;n. Venecia, Biblioteca Marciana, Sansovino Biblioteca, 10 de octubre-11 de noviembre de 1995" - 3 &#xAA; Prelim.</subfield>
  </datafield>
  <datafield tag="504" ind1=" " ind2=" ">
    <subfield code="a">Incluye referencias bibliogr&#xE1;ficas</subfield>
  </datafield>
  <datafield tag="600" ind1="1" ind2="0">
    <subfield code="a">TASSO, TORQUATO,</subfield>
    <subfield code="d">1544-1595</subfield>
    <subfield code="v">EXPOSICIONES</subfield>
    <subfield code="9">3579</subfield>
  </datafield>
  <datafield tag="600" ind1="1" ind2="0">
    <subfield code="a">TASSO, TORQUATO,</subfield>
    <subfield code="d">1544-1595</subfield>
    <subfield code="v">BIBLIOGRAF&#xCD;A</subfield>
    <subfield code="9">3580</subfield>
  </datafield>
  <datafield tag="651" ind1=" " ind2="0">
    <subfield code="a">Venecia (Italia{Rpara}</subfield>
    <subfield code="x">Vida Intelectual</subfield>
    <subfield code="v">EXPOSICIONES</subfield>
    <subfield code="9">3581</subfield>
  </datafield>
  <datafield tag="700" ind1="1" ind2=" ">
    <subfield code="a">Da Pozzo, Giovanni.</subfield>
    <subfield code="9">3578</subfield>
  </datafield>
  <datafield tag="710" ind1="2" ind2=" ">
    <subfield code="a">Libreria sansoviniana.</subfield>
    <subfield code="9">3582</subfield>
  </datafield>
  <datafield tag="910" ind1=" " ind2=" ">
    <subfield code="a">Catalogaci&#xF3;n por copia / LC</subfield>
  </datafield>
  <datafield tag="952" ind1=" " ind2=" ">
    <subfield code="0">0</subfield>
    <subfield code="1">0</subfield>
    <subfield code="5">2</subfield>
    <subfield code="7">5</subfield>
    <subfield code="8">DS</subfield>
    <subfield code="a">BNPHU</subfield>
    <subfield code="b">BNPHU</subfield>
    <subfield code="c">HD</subfield>
    <subfield code="d">2009-06-25</subfield>
    <subfield code="i">LF1</subfield>
    <subfield code="l">0</subfield>
    <subfield code="o">851.4 D111r</subfield>
    <subfield code="p">1034-10</subfield>
    <subfield code="r">2020-06-25</subfield>
    <subfield code="w">2020-06-25</subfield>
    <subfield code="y">LF1</subfield>
    <subfield code="Z">Pr&#xE9;stamo interno</subfield>
  </datafield>
  <datafield tag="999" ind1=" " ind2=" ">
    <subfield code="c">1010</subfield>
    <subfield code="d">1010</subfield>
  </datafield>
</record>
